Score 0/22 Timer 04:00
3 Plays Today
% Correct
CSI
96.1%
Xena
95.3%
Law & Order
95%
Extreme Makeover
94.9%
Mission
93.2%
The Adventures of Jimmy Neutron
92.7%
Star Wars
91.7%
Saved By The Bell
91%
Lois & Clark
89.2%
Transformers
88.8%
My Little Pony
88.5%
% Correct
G.I. Joe
87.6%
Ninja Turtles
84.1%
Avatar
83.9%
Laguna Beach
83.2%
Kathy Griffin
83.1%
General Hospital
81.1%
Homicide
80.3%
X-Men
72.9%
Degrassi
66.5%
50 Cent
66.2%
Ben 10
56%
Remove Ads.
Support Sporcle.
Get the best of Sporcle when you Go Orange. This ad-free experience offers more features, more stats, and more fun while also helping to support Sporcle. Thank you for becoming a member.

You're not logged in!

Compare scores with friends on all Sporcle quizzes.
OR
Log In

Show Comments

Extras

Top Quizzes Today


Score Distribution

Your Account Isn't Verified!

In order to create a playlist on Sporcle, you need to verify the email address you used during registration. Go to your Sporcle Settings to finish the process.

Report this User

Report this user for behavior that violates our Community Guidelines.

Details: